000 00316 a2200157 4500
001 180856
020 _a
040 _cMagnum
100 _a-
240 1 0 _aO gato de botas/loyola
_lpor
245 1 0 _aO gato de botas/loyola
362 0 _a1899
440 1 _aLoyola
697 _aMAGNITO: IJ/CONTOS
942 _cBK
999 _c180856
_d180856